[Event "Denys Laurin mem."]
[Site "Gatineau CAN"]
[Date "2020.02.04"]
[Round "3"]
[White "Simard, Paul"]
[Black "Raymond, Daniel"]
[Result "0-1"]
[WhiteElo "1229"]
[BlackElo "1866"]
[PlyCount "52"]
[EventDate "2020.01.21"]
[EventType "swiss"]
[EventRounds "6"]
[EventCountry "CAN"]

1. d4 d5 2. c4 e6 3. cxd5 exd5 4. a3 Nf6 5. Nc3 Nc6 6. Nf3 Be7 7. e3 O-O 8. Be2
Bg4 9. h3 Bh5 10. O-O Re8 11. b4 a6 12. Nh4 Bxe2 13. Qxe2 Ne4 14. Nxe4 Bxh4 15.
Nc3 Nxd4 16. Qb2 Nb5 17. Nxb5 axb5 18. Qc2 Bf6 19. Bb2 c6 20. Bxf6 Qxf6 21.
Rfd1 Re4 22. Ra2 Rc4 23. Qd3 Rxb4 24. axb4 Rxa2 25. Qb1 $2 Qxf2+ 26. Kh1 Qxg2#
0-1

[Event "Denys Laurin mem."]
[Site "Gatineau CAN"]
[Date "2020.02.04"]
[Round "3"]
[White "Villeneuve, Denis"]
[Black "Labrie, Dany"]
[Result "1-0"]
[WhiteElo "1445"]
[BlackElo "1268"]
[PlyCount "59"]
[EventDate "2020.01.21"]
[EventType "swiss"]
[EventRounds "6"]
[EventCountry "CAN"]

1. e4 c5 2. Nf3 d6 3. c3 Nc6 4. d4 cxd4 5. cxd4 g6 6. Nc3 Bg7 7. Be3 Bd7 8. Bc4
Nh6 9. h3 O-O 10. Qd2 Kh8 11. Bxh6 Bxh6 12. Qxh6 f6 13. O-O Rc8 14. Bd3 Rg8 15.
Rfe1 Qb6 16. e5 Qxb2 17. Ne4 Rg7 18. exf6 exf6 19. Nxf6 Nxd4 20. Ng5 Ne2+ 21.
Bxe2 Qxf6 22. Ne4 Qd4 23. Bf3 Ba4 24. Rac1 Rc6 25. Qf4 d5 26. Rxc6 bxc6 27.
Qf8+ Rg8 28. Qf6+ Qxf6 29. Nxf6 Rd8 30. Re7 1-0

[Event "Denys Laurin mem."]
[Site "Gatineau CAN"]
[Date "2020.02.11"]
[Round "4"]
[White "Arcand, Pierre"]
[Black "Bourbonnais, Luc"]
[Result "1-0"]
[WhiteElo "1259"]
[BlackElo "1469"]
[PlyCount "69"]
[EventDate "2020.01.21"]
[EventType "swiss"]
[EventRounds "6"]
[EventCountry "CAN"]

1. e4 e5 2. Nf3 Nc6 3. Bb5 a6 4. Ba4 Nf6 5. Nc3 d6 6. h3 b5 7. Bb3 Na5 8. O-O
Nxb3 9. axb3 Be7 10. d3 O-O 11. Nxb5 Bb7 12. Nc3 Re8 13. Re1 h6 14. d4 exd4 15.
Nxd4 Bf8 16. f3 g6 17. Bf4 Bg7 18. Qd2 Kh7 19. Re2 g5 20. Bh2 Nh5 21. Nf5 Be5
22. Bxe5 Rxe5 23. g3 Bc8 24. f4 Re8 25. fxg5 hxg5 26. g4 Nf4 27. Rh2 Ng6 28. h4
Bxf5 29. hxg5+ Kg7 30. gxf5 Ne5 31. f6+ Kg8 32. Qg2 Ng6 33. Qh3 c6 34. Qh7+ Kf8
35. Qg7# 1-0

[Event "Denys Laurin mem."]
[Site "Gatineau CAN"]
[Date "2020.02.11"]
[Round "4"]
[White "Azar, Sebastien"]
[Black "Rioux, Jocelyn"]
[Result "1-0"]
[WhiteElo "1868"]
[BlackElo "1606"]
[PlyCount "41"]
[EventDate "2020.01.21"]
[EventType "swiss"]
[EventRounds "6"]
[EventCountry "CAN"]

1. e4 d5 2. exd5 Qxd5 3. Nc3 Qa5 4. d4 c6 5. Nf3 Nf6 6. Bc4 h6 7. Bd2 Qc7 8.
Qe2 Bf5 9. O-O-O e6 10. Ne5 Bd6 11. g4 Bxe5 12. gxf5 Bxd4 13. fxe6 O-O 14.
exf7+ Kh8 15. Bxh6 Bxc3 16. Bxg7+ Kxg7 17. Rdg1+ Kh8 18. Rg8+ Nxg8 19. Qh5+ Kg7
20. Rg1+ Kf6 21. Qg5# 1-0

[Event "Denys Laurin mem."]
[Site "Gatineau CAN"]
[Date "2020.02.11"]
[Round "4"]
[White "Labrie, Dany"]
[Black "Berthiaume, Serge"]
[Result "1-0"]
[WhiteElo "1268"]
[BlackElo "1375"]
[PlyCount "69"]
[EventDate "2020.01.21"]
[EventType "swiss"]
[EventRounds "6"]
[EventCountry "CAN"]

1. e4 c5 2. c3 Nc6 3. d4 cxd4 4. cxd4 e6 5. Nf3 Bb4+ 6. Nc3 Nf6 7. Bd3 b6 8.
O-O Bxc3 9. bxc3 Bb7 10. Ba3 Ne7 11. Re1 O-O 12. Nd2 d5 13. e5 Nd7 14. Bd6 Re8
15. Re3 Qc8 16. Bxh7+ Kxh7 17. Rh3+ Kg8 18. Qh5 f6 19. exf6 Nxf6 20. Qg5 Kf7
21. Nf3 Rh8 22. Ne5+ Kg8 23. Bxe7 Rxh3 24. gxh3 Nh7 25. Qf4 Qe8 26. Bg5 Qh5 27.
h4 Rf8 28. Qg3 Nxg5 29. hxg5 Qe2 30. Rf1 Qxa2 31. g6 Qd2 32. f4 Rf6 33. Nd7 Ba6
34. Nxf6+ gxf6 35. Qh3 1-0

[Event "Denys Laurin mem."]
[Site "Gatineau CAN"]
[Date "2020.02.11"]
[Round "4"]
[White "Latreille, Etienne"]
[Black "Raymond, Daniel"]
[Result "1-0"]
[WhiteElo "1757"]
[BlackElo "1866"]
[PlyCount "87"]
[EventDate "2020.01.21"]
[EventType "swiss"]
[EventRounds "6"]
[EventCountry "CAN"]

1. d4 d5 2. Nc3 Nf6 3. Bf4 e6 4. e3 Bb4 5. Nge2 Ne4 6. a3 Nxc3 7. Nxc3 Bd6 8.
Qg4 g6 9. Qg3 Bxf4 10. Qxf4 c6 11. h4 Qe7 12. e4 Nd7 13. O-O-O Nf6 14. Re1 dxe4
15. Nxe4 Nxe4 16. Rxe4 b6 17. Bc4 Bb7 18. Rhe1 O-O-O 19. R4e3 Rhf8 20. c3 h5
21. f3 Qd6 22. Re5 Kb8 23. Qf6 Rde8 24. g4 hxg4 25. fxg4 Qd8 26. Rf1 Kc7 27. h5
Qxf6 28. Rxf6 gxh5 29. Rxh5 Kd6 30. Rh7 Re7 31. Rg7 Kd7 32. Kd2 Ke8 33. g5 Rh8
34. Rh6 Rxh6 $2 {35. Tg8+!} 35. gxh6 Kf8 36. Ke3 Bc8 37. Kf4 e5+ 38. dxe5 Be6
39. Rg1 f5 40. exf6 Rf7 41. Rg8+ $1 Kxg8 42. Bxe6 Kf8 43. Bxf7 Kxf7 44. h7 1-0

[Event "Denys Laurin mem."]
[Site "Gatineau CAN"]
[Date "2020.02.11"]
[Round "4"]
[White "Masse-Garneau, Anthony"]
[Black "Seguin, Hubert"]
[Result "0-1"]
[WhiteElo "1587"]
[BlackElo "1524"]
[PlyCount "122"]
[EventDate "2020.01.21"]
[EventType "swiss"]
[EventRounds "6"]
[EventCountry "CAN"]

1. e4 c5 2. Nf3 d6 3. d4 cxd4 4. Nxd4 Nc6 5. Nc3 Nf6 6. Be2 e5 7. Nb3 Be7 8.
O-O O-O 9. Be3 Be6 10. f3 d5 11. exd5 Bxd5 12. Qe1 Be6 13. Rd1 Qc8 14. a3 Rd8
15. Qf2 Rxd1 16. Rxd1 Qe8 17. Nb5 Qb8 18. Bc5 b6 19. Bd6 Bxd6 20. Nxd6 Qc7 21.
Nb5 Qe7 22. Nc3 Rd8 23. Qe1 Bxb3 24. cxb3 Nd4 25. b4 Nc2 26. Rxd8+ Qxd8 27. Qd1
Qxd1+ 28. Bxd1 Nd4 29. Kf2 Kf8 30. Ke3 Ke7 31. Be2 Nxe2 32. Nxe2 Ke6 33. Nc3
Nd5+ 34. Nxd5 Kxd5 35. b3 f5 36. g3 g5 37. a4 h5 38. h3 a6 39. Kd3 b5 40. Ke3
f4+ 41. gxf4 exf4+ 42. Kd3 Ke5 43. Ke2 Kf5 44. a5 g4 45. fxg4+ hxg4 46. hxg4+
Kxg4 47. Kf2 f3 48. Kf1 Kg3 49. Kg1 Kf4 50. Kf1 Ke3 51. Ke1 Kd3 52. Kf2 Kc3 53.
Kxf3 Kxb3 54. Ke2 Kxb4 55. Kd3 Kxa5 56. Kc3 Ka4 57. Kb2 Kb4 58. Kb1 Kb3 59. Ka1
Kc2 60. Ka2 b4 61. Ka1 a5 0-1

[Event "Denys Laurin mem."]
[Site "Gatineau CAN"]
[Date "2020.02.11"]
[Round "4"]
[White "Zhao, Richie"]
[Black "Villeneuve, Denis"]
[Result "0-1"]
[WhiteElo "1259"]
[BlackElo "1445"]
[PlyCount "40"]
[EventDate "2020.01.21"]
[EventType "swiss"]
[EventRounds "6"]
[EventCountry "CAN"]

1. e4 c5 2. d4 cxd4 3. Qxd4 d6 4. Nf3 Nc6 5. Qd1 e5 6. Bc4 h6 7. O-O Nf6 8. Nc3
Be7 9. Nd5 O-O 10. Nxe7+ Nxe7 11. Nh4 Nxe4 12. f4 Qb6+ 13. Kh1 Nf2+ 14. Rxf2
Qxf2 15. Nf3 Bg4 16. Qd3 Bxf3 17. Qxf3 Qe1+ 18. Bf1 Rac8 19. fxe5 Rxc2 20. Bxh6
Qxa1 0-1

[Event "Denys Laurin mem."]
[Site "Gatineau CAN"]
[Date "2020.02.18"]
[Round "5"]
[White "Berthiaume, Serge"]
[Black "Zhao, Richie"]
[Result "1-0"]
[WhiteElo "1375"]
[BlackElo "1259"]
[PlyCount "51"]
[EventDate "2020.01.21"]
[EventType "swiss"]
[EventRounds "6"]
[EventCountry "CAN"]

1. d4 d5 2. Bf4 c5 3. e3 Nc6 4. Nf3 Qb6 5. Nc3 Nf6 6. Nb5 Kd7 7. Ne5+ Nxe5 8.
Bxe5 c4 9. Nc3 e6 10. Na4 Qb5 11. c3 Bd6 12. Bxd6 Kxd6 13. b3 Ne4 14. bxc4 dxc4
15. Rb1 Qc6 16. f3 Nf6 17. Be2 b5 18. Nc5 Nd5 19. Qd2 f5 20. e4 Nb6 21. Qf4+
Ke7 22. O-O Nd7 23. Nxd7 Bxd7 24. Qe5 g5 25. exf5 Qd6 26. f6+ 1-0

[Event "Denys Laurin mem."]
[Site "Gatineau CAN"]
[Date "2020.02.18"]
[Round "5"]
[White "Bourbonnais, Luc"]
[Black "Labrie, Dany"]
[Result "1-0"]
[WhiteElo "1469"]
[BlackElo "1268"]
[PlyCount "65"]
[EventDate "2020.01.21"]
[EventType "swiss"]
[EventRounds "6"]
[EventCountry "CAN"]

1. e4 e6 2. d3 d5 3. Nd2 Nf6 4. Ngf3 c5 5. g3 Nc6 6. Bg2 b5 7. O-O Bb7 8. Re1
Be7 9. Nf1 Qb6 10. h3 h6 11. exd5 Nxd5 12. Ne3 O-O-O 13. Nxd5 exd5 14. Bf4 f6
15. d4 g5 16. Be3 c4 17. a3 Bd6 18. c3 Ne7 19. Nh2 Qc7 20. Bf3 Kb8 21. Ng4 Bxg3
22. fxg3 Qxg3+ 23. Bg2 Rdf8 24. Bf2 Qd6 25. Qf3 h5 26. Bg3 Qxg3 27. Qxg3+ Ka8
28. Rxe7 hxg4 29. Qc7 Rb8 30. Bxd5 a6 31. Qxb7+ Rxb7 32. Rxb7 gxh3 33. Rh7+ 1-0

[Event "Denys Laurin mem."]
[Site "Gatineau CAN"]
[Date "2020.02.18"]
[Round "5"]
[White "Rioux, Jocelyn"]
[Black "Arcand, Pierre"]
[Result "1-0"]
[WhiteElo "1606"]
[BlackElo "1259"]
[PlyCount "65"]
[EventDate "2020.01.21"]
[EventType "swiss"]
[EventRounds "6"]
[EventCountry "CAN"]

1. e4 e5 2. Nf3 Nc6 3. Bb5 d6 4. d4 exd4 5. Nxd4 Bd7 6. Nxc6 Bxc6 7. Bxc6+ bxc6
8. Nc3 Nf6 9. O-O Be7 10. Re1 O-O 11. b3 Nd7 12. Bb2 Bf6 13. Qe2 Re8 14. Qa6 c5
15. Rad1 Re6 16. Qd3 Ne5 17. Qd2 Nc6 18. Ba1 Bg5 19. f4 Bf6 20. Nd5 Bxa1 21.
Rxa1 Ne7 22. c4 Nxd5 23. exd5 Re7 24. Rxe7 Qxe7 25. Re1 Qd7 26. Qe3 Rf8 27. Kf2
c6 28. Qe7 Qxe7 29. Rxe7 cxd5 30. cxd5 f6 31. Rd7 Rc8 32. Rxd6 c4 33. Rc6 1-0

[Event "Denys Laurin mem."]
[Site "Gatineau CAN"]
[Date "2020.02.18"]
[Round "5"]
[White "Seguin, Hubert"]
[Black "Latreille, Etienne"]
[Result "0-1"]
[WhiteElo "1524"]
[BlackElo "1757"]
[PlyCount "74"]
[EventDate "2020.01.21"]
[EventType "swiss"]
[EventRounds "6"]
[EventCountry "CAN"]

1. e4 d5 2. exd5 Qxd5 3. Nc3 Qa5 4. d4 Nf6 5. Bd2 c6 6. Nf3 Bg4 7. Be2 Nbd7 8.
O-O e6 9. Ne5 Bf5 10. Nc4 Qc7 11. a4 Nb6 12. Ne5 Bd6 13. Re1 O-O 14. g4 Bg6 15.
h4 h6 16. Nxg6 fxg6 17. Bd3 Nfd5 18. Rxe6 Qf7 19. Qe2 Nf4 20. Bxf4 Qxf4 21. f3
Qxd4+ 22. Kg2 Qf4 23. Kg1 Qg3+ 24. Qg2 Bc5+ 25. Kh1 Qxh4+ 26. Qh2 Qxh2+ 27.
Kxh2 Rxf3 28. Bxg6 Raf8 29. Ne4 Bd4 30. c3 Bf6 31. Kg2 Bd8 32. Re1 Nd5 33. Bf5
Nf4+ 34. Kxf3 Nxe6 35. Kg3 Bc7+ 36. Kh4 Nf4 37. Ng3 g5# 0-1

[Event "Denys Laurin mem."]
[Site "Gatineau CAN"]
[Date "2020.02.18"]
[Round "5"]
[White "Simard, Paul"]
[Black "Villeneuve, Denis"]
[Result "1-0"]
[WhiteElo "1229"]
[BlackElo "1445"]
[PlyCount "107"]
[EventDate "2020.01.21"]
[EventType "swiss"]
[EventRounds "6"]
[EventCountry "CAN"]

1. d4 d5 2. c4 e6 3. Nf3 c5 4. Bf4 Nc6 5. e3 cxd4 6. Nxd4 Nf6 7. Nc3 Bd6 8.
Bxd6 Qxd6 9. Ndb5 Qd7 10. cxd5 Nxd5 11. Bc4 Nce7 12. O-O a6 13. Nd4 Nxc3 14.
bxc3 Qc7 15. Qb3 O-O 16. Rfd1 e5 17. Nf3 Bg4 18. Be2 Nc6 19. h3 Be6 20. Qa3 h6
21. Nd2 Rac8 22. Ne4 Rcd8 23. Nc5 Bc8 24. Bc4 Qe7 25. Bd5 Rxd5 26. Rxd5 b6 27.
Qa4 b5 28. Qc2 Qc7 29. Rad1 Ne7 30. Nd7 Rd8 31. Nf6+ gxf6 32. Rxd8+ Kg7 33.
R8d2 Ng6 34. Qb2 Bb7 35. Qb3 Bc8 36. Rc2 Be6 37. Qb4 Qb7 38. Rcd2 a5 39. Qc5
Nh4 40. f3 Bxh3 41. Rd8 Nxf3+ 42. gxf3 Qxf3 43. Qf8+ Kg6 44. Qg8+ Kh5 45. R8d2
Qxe3+ 46. Rf2 Bg4 47. Qxf7+ Kg5 48. Qxf6+ Kh5 49. Kh2 Qh3+ 50. Kg1 Qe3 51. Rdf1
Bh3 52. Qf3+ Qxf3 53. Rxf3 Bxf1 54. Rxf1 1-0

[Event "Denys Laurin mem."]
[Site "Gatineau CAN"]
[Date "2020.02.25"]
[Round "6"]
[White "Fang, Johnny"]
[Black "Berthiaume, Serge"]
[Result "1-0"]
[WhiteElo "1269"]
[BlackElo "1375"]
[PlyCount "97"]
[EventDate "2020.01.21"]
[EventType "swiss"]
[EventRounds "6"]
[EventCountry "CAN"]

1. c4 e6 2. Nc3 Nf6 3. g3 d5 4. d4 c6 5. cxd5 exd5 6. Bf4 Nh5 7. Be5 f6 8. e3
g6 9. Be2 Ng7 10. Bf4 g5 11. Bh5+ Nxh5 12. Qxh5+ Kd7 13. Qg4+ Ke8 14. Qh5+ Ke7
15. Bxg5 fxg5 16. Qxg5+ Kd7 17. Qf5+ Kc7 18. Qe5+ Bd6 19. Qg7+ Nd7 20. Rc1 a6
21. Qh6 Qf6 22. Nxd5+ Kb8 23. Nxf6 Bb4+ 24. Kf1 Nxf6 25. Qxf6 Rf8 26. Qe5+ Ka7
27. a3 Rf5 28. Qc7 Be6 29. axb4 Raf8 30. f4 Bd5 31. g4 R5f7 32. Qe5 Bxh1 33.
Qc5+ Ka8 34. Ne2 Be4 35. Qe5 Bd3 36. Rc3 Bb5 37. h4 Rg8 38. Qe6 Rgf8 39. g5 Rf5
40. Rc5 Bd3 41. Rxf5 Bxf5 42. Qe7 Rb8 43. e4 Bg4 44. f5 b5 45. f6 Rb7 46. Qd6
Ka7 47. Qc5+ Rb6 48. Ng3 Bf3 49. f7 1-0

[Event "Denys Laurin mem."]
[Site "Gatineau CAN"]
[Date "2020.02.25"]
[Round "6"]
[White "Fang, Zhou"]
[Black "Dupont-Mageau, Nicolas"]
[Result "1-0"]
[WhiteElo "1485"]
[BlackElo "1628"]
[PlyCount "96"]
[EventDate "2020.01.21"]
[EventType "swiss"]
[EventRounds "6"]
[EventCountry "CAN"]

1. e4 d6 2. d4 Nf6 3. Nc3 g6 4. Nf3 Bg7 5. Be3 O-O 6. Be2 c6 7. O-O Nbd7 8. Rb1
e5 9. dxe5 dxe5 10. b4 Ng4 11. Bg5 Qc7 12. Be7 Re8 13. Bd6 Qb6 14. b5 Ne3 15.
Qe1 Nxf1 16. Bxf1 c5 17. Rd1 Bh6 18. Na4 Qd8 19. Nxe5 Nxe5 20. Bxe5 Qe7 21. Bd6
Qxe4 22. Qxe4 Rxe4 23. Nxc5 Re8 24. h3 Rd8 25. Bc4 Bf5 26. Nxb7 Rdc8 27. Bd5
Rxc2 28. Be5 Be6 29. Bc6 Rc1 30. Rxc1 Bxc1 31. Nd6 Rd8 32. a4 Ba3 33. Ne4 Be7
34. a5 Bd5 35. Nc3 Bxc6 36. bxc6 f6 37. c7 Rc8 38. Nd5 Kf7 39. Nb6 axb6 40.
axb6 fxe5 41. b7 Rxc7 42. b8=Q Bd6 43. Qb3+ Ke7 44. Qg8 Kf6 45. Qd8+ Ke6 46. g4
Rc3 47. Qg8+ Kf6 48. Qxh7 e4 1-0

[Event "Denys Laurin mem."]
[Site "Gatineau CAN"]
[Date "2020.02.25"]
[Round "6"]
[White "Labrie, Dany"]
[Black "Zhao, Richie"]
[Result "1-0"]
[WhiteElo "1268"]
[BlackElo "1259"]
[PlyCount "61"]
[EventDate "2020.01.21"]
[EventType "swiss"]
[EventRounds "6"]
[EventCountry "CAN"]

1. c4 e5 2. g3 Bc5 3. Bg2 Nf6 4. Nc3 d6 5. Nf3 O-O 6. O-O Nc6 7. Rb1 Be6 8. Qa4
a6 9. a3 Qd7 10. e3 Bh3 11. b4 Ba7 12. Nd5 Bxg2 13. Kxg2 Qf5 14. Bb2 Ng4 15. b5
e4 16. Ng1 axb5 17. cxb5 Qxd5 18. bxc6 bxc6 19. Bc3 Bxe3 20. Qd1 Bxd2 21. Bxg7
e3+ 22. Kh3 Qh5+ 23. Kg2 Qxh2+ 24. Kf3 Ne5+ 25. Ke4 Qh1+ 26. Nf3 Nxf3 27. Rxh1
Ng5+ 28. Kf5 Ra5+ 29. Kf6 Ne4+ 30. Ke7 Re5+ 31. Bxe5 1-0

[Event "Denys Laurin mem."]
[Site "Gatineau CAN"]
[Date "2020.02.25"]
[Round "6"]
[White "Latreille, Etienne"]
[Black "Azar, Sebastien"]
[Result "1-0"]
[WhiteElo "1757"]
[BlackElo "1868"]
[PlyCount "103"]
[EventDate "2020.01.21"]
[EventType "swiss"]
[EventRounds "6"]
[EventCountry "CAN"]

1. d4 Nf6 2. Nc3 d5 3. Bf4 e6 4. e3 Nbd7 5. Nb5 Bb4+ 6. c3 Ba5 7. a4 a6 8. Na3
c6 9. Bd3 Bc7 10. b4 e5 11. Bg3 O-O 12. Ne2 e4 13. Bc2 Ng4 14. Nf4 Nb6 15. a5
Bxf4 16. exf4 Nc4 17. Nxc4 dxc4 18. h3 Nf6 19. Bh4 Re8 20. Qe2 Qd6 21. Bxf6
Qxf6 22. Qe3 Qe6 23. Kd2 f5 24. Rae1 Bd7 25. Bd1 Qd5 26. Rhg1 g6 27. g4 Kh8 28.
Qg3 Qf7 29. Re3 Rg8 30. f3 exf3 31. Bxf3 Rae8 32. Rge1 Rxe3 33. Rxe3 Rf8 34. g5
Re8 35. Qe1 Kg7 36. Rxe8 Bxe8 37. Qe5+ Kf8 38. Ke3 Kg8 39. d5 Qd7 40. Qe6+
Qxe6+ 41. dxe6 Kf8 42. Kd4 Ke7 43. Ke5 c5 44. bxc5 Bc6 45. Bxc6 bxc6 46. h4 Kf8
47. Kd6 Ke8 48. e7 Kf7 49. Kd7 Kg7 50. e8=Q h5 51. gxh6+ Kxh6 52. Qh8# 1-0

[Event "Denys Laurin mem."]
[Site "Gatineau CAN"]
[Date "2020.02.25"]
[Round "6"]
[White "Villeneuve, Denis"]
[Black "Arcand, Pierre"]
[Result "0-1"]
[WhiteElo "1445"]
[BlackElo "1259"]
[PlyCount "46"]
[EventDate "2020.01.21"]
[EventType "swiss"]
[EventRounds "6"]
[EventCountry "CAN"]

1. e4 e5 2. Nf3 Nc6 3. d4 exd4 4. Nxd4 Nxd4 5. Qxd4 d6 6. Be3 Nf6 7. Nc3 Be7 8.
Be2 O-O 9. O-O-O c5 10. Qd2 Be6 11. Kb1 Ng4 12. Bxg4 Bxg4 13. f3 Be6 14. Nb5
Qb6 15. Nxd6 Rad8 16. e5 f6 17. f4 fxe5 18. fxe5 Rf5 19. Qc3 Bxd6 20. Rxd6 Rxd6
21. Bxc5 Qa6 22. a3 Rc6 23. Qd4 Rf1+ 0-1

[Event "Edmonton CC-ch"]
[Site "Edmonton CAN"]
[Date "2020.01.09"]
[Round "1.1"]
[White "Ivanescu, Christian"]
[Black "Reeve, Jeff"]
[Result "0-1"]
[WhiteElo "1796"]
[BlackElo "2266"]
[PlyCount "96"]
[EventDate "2020.01.09"]
[EventType "k.o."]
[EventRounds "4"]
[EventCountry "CAN"]

1. d4 Nf6 2. Nf3 g6 3. Bf4 Bg7 4. e3 d6 5. Bd3 Nbd7 6. Nbd2 c5 7. c3 b6 8. O-O
Nh5 9. Bg5 h6 10. Bh4 g5 11. Bg3 Bb7 12. Ne4 d5 13. Ned2 Nxg3 14. fxg3 e6 15.
Qe2 f5 16. Bb5 O-O 17. Bxd7 Qxd7 18. Ne5 Bxe5 19. dxe5 Qg7 20. Qh5 Kh7 21. Rae1
Qxe5 22. Nf3 Qf6 23. g4 Qg6 24. Qxg6+ Kxg6 25. Ne5+ Kg7 26. Rf2 Rad8 27. gxf5
exf5 28. b3 Rde8 29. Nf3 Rf7 30. Rd2 Rfe7 31. Kf2 Kf6 32. g3 a5 33. a3 Re4 34.
Rb2 R8e7 35. Nd2 R4e6 36. Nf3 g4 37. Nd2 d4 38. cxd4 cxd4 39. Nc4 Bd5 40. Rbe2
Bxc4 41. bxc4 Rxe3 42. Rxe3 Rxe3 43. Rxe3 dxe3+ 44. Kxe3 Ke5 45. Kd3 f4 46.
gxf4+ Kxf4 47. Kd4 h5 48. Kd5 h4 0-1

[Event "Edmonton CC-ch"]
[Site "Edmonton CAN"]
[Date "2020.01.09"]
[Round "1.1"]
[White "Ivanescu, Mark"]
[Black "Villavieja, Butch"]
[Result "0-1"]
[WhiteElo "1888"]
[BlackElo "2125"]
[PlyCount "70"]
[EventDate "2020.01.09"]
[EventType "k.o."]
[EventRounds "4"]
[EventCountry "CAN"]

1. d4 Nf6 2. Nf3 g6 3. Bf4 Bg7 4. e3 O-O 5. h3 d6 6. Be2 Nc6 7. O-O Nd7 8. c3
e5 9. Bg5 f6 10. Bc4+ Kh8 11. Bh4 g5 12. Bg3 f5 13. Re1 Nb6 14. Bf1 Qf6 15. b4
f4 16. exf4 exf4 17. Bh2 Bf5 18. Bd3 Rae8 19. Rxe8 Rxe8 20. Qc2 Bxd3 21. Qxd3
h5 22. Nbd2 g4 23. hxg4 hxg4 24. Ne1 d5 25. Nc2 Qg5 26. Re1 Rxe1+ 27. Nxe1 Ne7
28. Qe2 Ng6 29. Nd3 Nc4 30. Nxc4 dxc4 31. Nc5 Nf8 32. Ne6 f3 33. gxf3 gxf3+ 34.
Nxg5 fxe2 35. Nf3 Bh6 0-1

[Event "Edmonton CC-ch"]
[Site "Edmonton CAN"]
[Date "2020.01.09"]
[Round "1.1"]
[White "Ludwig, David"]
[Black "Sequillion, Aaron"]
[Result "0-1"]
[WhiteElo "1842"]
[BlackElo "2191"]
[PlyCount "68"]
[EventDate "2020.01.09"]
[EventType "k.o."]
[EventRounds "4"]
[EventCountry "CAN"]

1. c4 Nf6 2. Nc3 g6 3. g3 Bg7 4. Bg2 O-O 5. Nf3 d6 6. d4 Nbd7 7. O-O c6 8. Qc2
e5 9. dxe5 dxe5 10. Rd1 Qc7 11. Rb1 Nc5 12. b4 Bf5 13. Qb2 Bxb1 14. Qxb1 Ne6
15. Bb2 Rfd8 16. e3 Rxd1+ 17. Nxd1 Nd7 18. Nc3 Nb6 19. Bf1 a5 20. b5 Nc5 21.
Qc2 Re8 22. Nd2 cxb5 23. Nxb5 Qd7 24. Be2 Nc8 25. Nc3 Ne7 26. Nb3 Nxb3 27. axb3
Rd8 28. Bc1 Nc6 29. Nd5 Nb4 30. Nxb4 axb4 31. Kg2 f5 32. Qa2 e4 33. Kf1 Bc3 34.
Qc2 Ra8 0-1

[Event "Edmonton CC-ch"]
[Site "Edmonton CAN"]
[Date "2020.01.09"]
[Round "1.1"]
[White "Ludwig, Michael"]
[Black "Young, Joseph"]
[Result "1-0"]
[WhiteElo "2187"]
[BlackElo "1842"]
[PlyCount "53"]
[EventDate "2020.01.09"]
[EventType "k.o."]
[EventRounds "4"]
[EventCountry "CAN"]

1. d4 Nf6 2. Bf4 g6 3. Nc3 d5 4. e3 a6 5. h4 h5 6. Nf3 Nc6 7. Qd2 Bg4 8. Ne5
Bf5 9. Nxc6 bxc6 10. Na4 a5 11. f3 e6 12. Kf2 Bd6 13. Bg5 Be7 14. Qc3 Qd7 15.
Nc5 Qc8 16. Nd3 O-O 17. Qxc6 Rd8 18. Qc3 Bxd3 19. Qxd3 Qd7 20. a4 Rab8 21. b3
Kg7 22. Be2 c5 23. dxc5 Bxc5 24. Bxf6+ Kxf6 25. Qc3+ d4 26. Qxc5 dxe3+ 27. Qxe3
1-0

[Event "Edmonton CC-ch"]
[Site "Edmonton CAN"]
[Date "2020.01.09"]
[Round "1.1"]
[White "MacLeod, Damon"]
[Black "Kalisvaart, Peter"]
[Result "0-1"]
[WhiteElo "1922"]
[BlackElo "2037"]
[PlyCount "118"]
[EventDate "2020.01.09"]
[EventType "k.o."]
[EventRounds "4"]
[EventCountry "CAN"]

1. d4 d5 2. c4 dxc4 3. Nf3 e6 4. g3 Nf6 5. Bg2 Nc6 6. Nc3 Bb4 7. O-O O-O 8. Bg5
h6 9. d5 Bxc3 10. bxc3 exd5 11. Bxf6 Qxf6 12. Qxd5 Be6 13. Qb5 Rab8 14. Rfc1
Rfd8 15. e4 a6 16. Qc5 Qe7 17. Qxe7 Nxe7 18. Nd4 Bd7 19. Rab1 c5 20. Nc2 b5 21.
Ne3 Bc6 22. Kf1 Rb7 23. Rd1 Rbd7 24. Rxd7 Rxd7 25. Rd1 Rxd1+ 26. Nxd1 Nc8 27.
Ke1 Nd6 28. f3 f5 29. exf5 Nxf5 30. Bh3 Nd6 31. Be6+ Kf8 32. Ke2 Ke7 33. Bg4 b4
34. Ke3 b3 35. a3 Nb5 36. a4 Na3 37. Nb2 Nb1 38. Nxc4 Nxc3 39. a5 Na4 40. Bf5
Bd5 41. Nd2 c4 42. Nb1 c3 43. Nxc3 Nxc3 44. Kd4 Be4 45. fxe4 b2 46. e5 b1=Q 47.
Bxb1 Nxb1 48. Kc5 Ke6 49. Kb6 Na3 50. Kxa6 Nc4 51. Kb5 Nxa5 52. Kxa5 Kxe5 53.
Kb4 Kf5 54. Kc4 Kg4 55. Kd4 Kh3 56. Ke4 Kxh2 57. Kf4 Kh3 58. Kf3 g5 59. g4 Kh4
0-1

[Event "Edmonton CC-ch"]
[Site "Edmonton CAN"]
[Date "2020.01.09"]
[Round "1.1"]
[White "Miller, David"]
[Black "Brazeau, Rob"]
[Result "1-0"]
[WhiteElo "2250"]
[BlackElo "1822"]
[PlyCount "35"]
[EventDate "2020.01.09"]
[EventType "k.o."]
[EventRounds "4"]
[EventCountry "CAN"]

1. e4 e6 2. g3 d5 3. Bg2 Nf6 4. Nc3 Be7 5. exd5 Nxd5 6. Nf3 O-O 7. O-O Nd7 8.
Nxd5 exd5 9. d4 Nf6 10. Ne5 c6 11. c3 Bf5 12. a4 a5 13. Qb3 Qc7 14. Nf3 Rfe8
15. Nh4 Be6 16. Qc2 Qd7 17. f4 Ne4 18. f5 1-0

[Event "Edmonton CC-ch"]
[Site "Edmonton CAN"]
[Date "2020.01.09"]
[Round "1.1"]
[White "Windram, James"]
[Black "Razzaq, Ali"]
[Result "1-0"]
[WhiteElo "2080"]
[BlackElo "1891"]
[PlyCount "141"]
[EventDate "2020.01.09"]
[EventType "k.o."]
[EventRounds "4"]
[EventCountry "CAN"]

1. e4 b6 2. d4 Bb7 3. Bd3 g6 4. Nf3 Bg7 5. Bf4 d6 6. Bg3 Nd7 7. c3 e6 8. Nbd2
Ne7 9. Qe2 a6 10. O-O h6 11. Rad1 g5 12. h3 Ng6 13. Ne1 e5 14. Nc2 Nf4 15. Qf3
Nxd3 16. Qxd3 Qf6 17. Nc4 Qg6 18. f3 O-O 19. N4e3 a5 20. Qd2 Rae8 21. Nf5 d5
22. Nxg7 Kxg7 23. exd5 Bxd5 24. dxe5 Bxa2 25. Qxd7 Qxc2 26. Rd2 Re7 27. Qxe7
Qxd2 28. Qf6+ Kh7 29. Qf5+ Kg8 30. f4 Qe3+ 31. Kh2 Bd5 32. fxg5 Be4 33. Qg4 Bg6
34. Bf4 h5 35. Bxe3 hxg4 36. h4 Re8 37. Bf4 Rd8 38. Rf2 c6 39. Re2 Kf8 40. e6
Ke7 41. Be5 Rd3 42. exf7 Kxf7 43. Rf2+ Kg8 44. Rf6 Be4 45. Rf2 b5 46. h5 Rd5
47. Bf4 b4 48. cxb4 axb4 49. Rd2 Bd3 50. Kg3 c5 51. Kxg4 c4 52. Kh4 c3 53. bxc3
bxc3 54. Rd1 Rd4 55. Kg3 c2 56. Ra1 Be4 57. Rc1 Rd3+ 58. Kf2 Rb3 59. g3 Ra3 60.
Ke1 Rf3 61. Kd2 Kf7 62. Re1 Bf5 63. Ke2 Rb3 64. Kf2 Bg4 65. Rc1 Bf5 66. Kg2
Be4+ 67. Kh3 Bf5+ 68. Kh4 Rf3 69. g6+ Kg8 70. Kg5 Bd3 71. h6 1-0

[Event "Edmonton CC-ch"]
[Site "Edmonton CAN"]
[Date "2020.01.09"]
[Round "1.1"]
[White "Zeggelaar, Mike"]
[Black "Koperski, Dustin"]
[Result "1-0"]
[WhiteElo "2026"]
[BlackElo "1943"]
[PlyCount "73"]
[EventDate "2020.01.09"]
[EventType "k.o."]
[EventRounds "4"]
[EventCountry "CAN"]

1. d4 Nf6 2. Nf3 c5 3. dxc5 Qa5+ 4. Nc3 Qxc5 5. e4 Nc6 6. Be2 g6 7. O-O Bg7 8.
Be3 Qa5 9. Nd2 O-O 10. Nc4 Qd8 11. Qd2 d6 12. f3 Bd7 13. Rad1 Be6 14. a4 Nd7
15. Nd5 Nde5 16. Nxe5 Bxe5 17. b4 Bg7 18. f4 Nb8 19. e5 Bxd5 20. Qxd5 Nc6 21.
b5 Na5 22. exd6 exd6 23. Qxd6 Qxd6 24. Rxd6 Rfe8 25. Kf2 Rac8 26. Rfd1 Rc3 27.
Bxa7 Rxc2 28. R1d2 Rxd2 29. Rxd2 Nb3 30. Rd7 Ra8 31. Be3 Rxa4 32. Rxb7 Ra8 33.
b6 Bd4 34. Ra7 Bxe3+ 35. Kxe3 Re8+ 36. Kf2 Nd4 37. Bc4 1-0